00551 2200217 4500001002100000005001500021035002000036245009500056100001600151250000700167300002800174260003500202082001000237084001600247020001800263600001600281990000900297990000900306990000900315990000900324INLIS00000000000007420260225095245 a0010-02260000111 aMenjadi Penulis Buku Profesional :bPedoman dan Aplikasi Karya Tulis Ilmiah /cZainal Aqib0 aZainal Aqib a1. avi + 122 hlm. ;c20 cm. aBandung :bYrama Widya,c2013. a028.7 a028.7 ZAI m a9789795439981 4aZainal Aqib a1948 a1949 a1950 a1951